000 00317nam a2200121 a 4500
008 110412s1969|||| d
245 1 0 _aŠarišské múzeum v Bardejove
260 _c1969
_bVýchodoslovenské vydavateľstvo
_aKošice
020 _c23
044 _axo
_cSK
041 _aslo
100 1 _aSedlák,Imrich
999 _c18978
_d18978